Recorriendo la memoria / (Registro nro. 18297)
[ vista simple ]
| 000 -LEADER | |
|---|---|
| fixed length control field | 01219cam a2200265 a 4500 |
| 005 - DATE AND TIME OF LATEST TRANSACTION | |
| control field | 20250331184406.0 |
| 007 - PHYSICAL DESCRIPTION FIXED FIELD--GENERAL INFORMATION | |
| fixed length control field | ta |
| 008 - FIXED-LENGTH DATA ELEMENTS--GENERAL INFORMATION | |
| fixed length control field | 120409s2012 ck o gr 100 0 spa |
| 015 ## - NATIONAL BIBLIOGRAPHY NUMBER | |
| National bibliography number | ck-2012-xxxx |
| 020 ## - INTERNATIONAL STANDARD BOOK NUMBER | |
| International Standard Book Number | 9789585732506 |
| 040 ## - CATALOGING SOURCE | |
| Original cataloging agency | CO-CtgCURN |
| Language of cataloging | spa |
| Transcribing agency | coctgcurn |
| 082 04 - DEWEY DECIMAL CLASSIFICATION NUMBER | |
| Classification number | 331.88 |
| Item number | T147 |
| Edition information | 20 |
| 111 2# - MAIN ENTRY--MEETING NAME | |
| Meeting name or jurisdiction name as entry element | Talleres para la Reparacion Colectiva y Construcción de la Memoria de la Violencia Anti-Sindical en Colombia |
| Date of meeting or treaty signing | 2011 : |
| Location of meeting | Bogotá. |
| 245 10 - TITLE STATEMENT | |
| Title | Recorriendo la memoria / |
| Statement of responsibility, etc. | Memoria de los Talleres para la Reparacion Colectiva y Construcción de la Memoria de la Violencia Anti-Sindical en Colombia 14, 21 y 28 de septiembre de 2011, Bogotá. |
| 260 ## - PUBLICATION, DISTRIBUTION, ETC. | |
| Place of publication, distribution, etc. | Bogotá : |
| Name of publisher, distributor, etc. | Codhes, |
| Date of publication, distribution, etc. | 2012. |
| 300 ## - PHYSICAL DESCRIPTION | |
| Extent | 107 p. : |
| Other physical details | fot. ; |
| Dimensions | 23 cm. |
| 500 ## - GENERAL NOTE | |
| General note | Incluye notas a pie de pagina. |
| 504 ## - BIBLIOGRAPHY, ETC. NOTE | |
| Bibliography, etc. note | Bibliografia: p. 105-106. |
| 650 14 - SUBJECT ADDED ENTRY--TOPICAL TERM | |
| Topical term or geographic name entry element | Movimientos obreros |
| Geographic subdivision | Colombia |
| Form subdivision | Congresos, conferencias, etc. |
| 650 14 - SUBJECT ADDED ENTRY--TOPICAL TERM | |
| Topical term or geographic name entry element | Sindicatos |
| Geographic subdivision | Colombia |
| Form subdivision | Congresos, conferencias, etc. |
| 650 14 - SUBJECT ADDED ENTRY--TOPICAL TERM | |
| Topical term or geographic name entry element | Victimas de la violencia |
| Geographic subdivision | Colombia |
| Form subdivision | Congresos, conferencias, etc. |
| 942 ## - ADDED ENTRY ELEMENTS (KOHA) | |
| Koha item type | Libros |
| Classification part | 331.88 |
| Item part | T147 |
| Source of classification or shelving scheme | Dewey Decimal Classification |
| Withdrawn status | Lost status | Source of classification or shelving scheme | Damaged status | Not for loan | Collection | Home library | Current library | Shelving location | Date acquired | Source of acquisition | Inventory number | Total checkouts | Full call number | Barcode | Date last seen | Copy number | Price effective from | Koha item type | Public note |
|---|---|---|---|---|---|---|---|---|---|---|---|---|---|---|---|---|---|---|---|
| Dewey Decimal Classification | General | Miguel Henríquez Castañeda | Miguel Henríquez Castañeda | General | 09/21/2017 | International Books | 018701 | 331.88 T147 | 018701 | 09/21/2017 | 1 | 09/21/2017 | Libros | 330-ECONOM | |||||
| Dewey Decimal Classification | General | Miguel Henríquez Castañeda | Miguel Henríquez Castañeda | General | 09/21/2017 | International Books | 018713 | 331.88 T147 | 018713 | 09/21/2017 | 1 | 09/21/2017 | Libros | 330-ECONOM |